| 000 | 00567nam a2200205Ia 4500 | ||
|---|---|---|---|
| 003 | OSt | ||
| 005 | 20230516111505.0 | ||
| 008 | 210423s1990 xx 000 0 und d | ||
| 040 | _cAL | ||
| 041 | _aeng | ||
| 082 |
_a307.1772 _223 _bVONT |
||
| 100 |
_aFURER-HAIMENDOR (Christoph) _9104955 |
||
| 245 | _aTribes of india: struggle for servival | ||
| 260 |
_aNew Delhi _bOxford University Press _c1990 |
||
| 365 |
_b90 _cINR |
||
| 650 |
_aCommunities _9104956 |
||
| 650 |
_aSociology _9104957 |
||
| 906 | _aindia: ; servival ; struggle ; Tribes | ||
| 942 |
_2ddc _cBK |
||
| 999 |
_c172185 _d172185 |
||